Teologia y espiritualidad de la encarnación / (Record no. 36440)

MARC details
000 -LEADER
campo de control de longitud fija 00562nam a2200193 i 4500
001 - NÚMERO DE CONTROL
campo de control 36440
003 - IDENTIFICADOR DE NÚMERO DE CONTROL
campo de control ES-MaACL
005 - FECHA Y HORA DE LA ÚLTIMA TRANSACCIÓN
campo de control 20230906155352.0
007 - CAMPO FIJO DE DESCRIPCIÓN FÍSICA--INFORMACIÓN GENERAL
campo de control de longitud fija t|
008 - DATOS DE LONGITUD FIJA--INFORMACIÓN GENERAL
campo de control de longitud fija 030218s1968 sp |||| | spa d
100 1# - ENTRADA PRINCIPAL--NOMBRE DE PERSONA
Nombre de persona Bourgy, Paul.
9 (RLIN) 31002
245 10 - MENCIÓN DEL TÍTULO
Título Teologia y espiritualidad de la encarnación /
Mención de responsabilidad, etc. Paul Bourgy ; [la traducción por José Torrella].
250 ## - MENCION DE EDICION
Mención de edición 1ª ed.
260 ## - PUBLICACIÓN, DISTRIBUCIÓN, ETC.
Lugar de publicación, distribución, etc. Barcelona :
Nombre del editor, distribuidor, etc. Estela,
Fecha de publicación, distribución, etc. [1968]
300 ## - DESCRIPCIÓN FÍSICA
Extensión 140 p. ;
Dimensiones 19 cm.
650 #4 - PUNTO DE ACCESO ADICIONAL DE MATERIA--TÉRMINO DE MATERIA
Término de materia o nombre geográfico como elemento de entrada Encarnación.
9 (RLIN) 168705
700 1# - ENTRADA AGREGADA--NOMBRE PERSONAL
Nombre de persona Torrella, José.
9 (RLIN) 110816
852 ## - LOCALIZACIÓN
Ubicación ES-MaACL
Número de control de estantería C-34472
Holdings
Estatus retirado Estado de pérdida Estado de daño No para préstamo Biblioteca de origen Biblioteca actual Ubicación en estantería Fecha de adquisición Fuente de adquisición Total de préstamos Signatura topográfica completa Código de barras Visto por última vez Precio de reemplazo Tipo de ítem Koha
        Biblioteca del Ateneo de Madrid Biblioteca del Ateneo de Madrid Depósito 2 17/01/2008     C-34472 1038275 23/02/2023 23/02/2023 Libro impreso